000 00325nam a22001457a 4500
003 SGT
020 _a9781529923834
082 _a006.3
_bSUL
100 _aSULEYMAN MUSTAFA
245 _aTHE COMING WAVE AL POWER AND OUR FUTURE
260 _a INDIA
_c2023
_bVINTAGE PUB.
300 _a332
650 _aBJMC
942 _2ddc
_cBK
999 _c32136
_d32136